000 00729nam a2200289Ia 4500
005 20260324115705.0
008 008 260324s9999 xx 000 0 eng d
020 _a9781315203133
037 _aEBOOK
040 _aCRL
040 _beng
040 _cCRL
041 _2eng
041 _aeng
084 _qCRL
100 _aMichael R. Ronczkowski
_91155639
245 0 _aTerrorism and Organized Hate Crime
245 0 _bIntelligence Gathering, Analysis and Investigations, Fourth Edition
260 _bTaylor and Francis
260 _c2017
365 _a
365 _b180
856 _uhttp://www.taylorfrancis.com/books/9781315203133
942 _cEBOOK
999 _c1746692
_d1746692